| 000 | 00792nam 22001813 4500 | ||
|---|---|---|---|
| 001 | 197859 | ||
| 090 | _a197859 | ||
| 100 | _a20250915d u||y0pory50 ba | ||
| 101 | _apor | ||
| 102 | _aPT | ||
| 200 |
_aBiblioteca e leitura pública em tempo de mudança _fHenrique Barreto Nunes, Joaquim Portilheiro, Luís Cabral |
||
| 300 | _aseparata de actas do 1º congresso Nacional de Bibliotecários, Arquivistas e Documentalistas. Porto, 19 a 21 de junho de 1985, vol. II | ||
| 461 |
_hvol. II. - 29 p. _tseparata de actas do 1º congresso Nacional de Bibliotecários, Arquivistas e Documentalistas. Porto, 19 a 21 de junho de 1985, vol. II |
||
| 606 |
_91270 _aBiblioteconomia _xBibliotecas |
||
| 700 |
_913904 _aNunes _bHenrique Barreto _f1947- |
||
| 801 |
_aPT _bBMMN _gRPC |
||
| 990 | _cARTIGOS | ||